La filosofía como ciencia estricta

Guardat en:
Dades bibliogràfiques
Autor principal: Husserl, Edmund (Autor)
Format: Llibre
Idioma:espanyol
Publicat: Buenos Aires Instituto de Filosofía. Universidad de Buenos Aires 1951
Col·lecció:Serie Textos Filosóficos. Filosofía contemporánea, 2
Matèries:
Etiquetes: Afegir etiqueta
Sense etiquetes, Sigues el primer a etiquetar aquest registre!

MARC

LEADER 00000nam a2200000 a 4500
001 UCZ3070
003 CL-VaPUC
008 951013e19510000AG |||||||||||||||||spa|d
082 0 4 |a 142.7  |b HUS  |2 21 
100 |a Husserl, Edmund   |e author  |9 197 
245 1 3 |a La filosofía como ciencia estricta 
300 |a 98 p 
942 |c BK 
945 |d 19951013 00:00:00  |a lriquelm 
260 |a Buenos Aires  |b Instituto de Filosofía. Universidad de Buenos Aires  |c 1951 
650 0 |a Fenomenología  |9 256519 
650 0 |a Teoría del conocimiento   |9 255038 
650 0 |a Empirismo  |9 255037 
650 0 |a Filosofía alemana   |9 265002 
650 0 |a Filosofía de las ciencias  |9 256466 
583 |a last modification  |c 19951013 00:00:00  |k Rodrigo Vera 
490 0 |a Serie Textos Filosóficos. Filosofía contemporánea, 2 
999 |c 239599  |d 239597 
952 |0 0  |1 0  |4 0  |6 142_700000000000000_HUS_1951  |7 0  |8 A  |9 250865  |a BIBEDU  |b BIBEDU  |d 2019-11-18  |i 1583727  |o 142.7 HUS 1951  |p 1583727  |r 2019-11-18  |w 2019-11-18  |y BK  |k FIL